KOHA-Header-6

palgrave Critical management Studies The management of Everyday Life (Record no. 142)

000 -LEADER
fixed length control field 00366nam a2200121Ia 4500
008 - FIXED-LENGTH DATA ELEMENTS--GENERAL INFORMATION
fixed length control field 190722s9999 xx 000 0 und d
020 ## - INTERNATIONAL STANDARD BOOK NUMBER
International Standard Book Number 978-0-230-52479-8
100 ## - MAIN ENTRY--PERSONAL NAME
Personal name Philip Hancock, Melissa Tyler
245 #0 - TITLE STATEMENT
Title palgrave Critical management Studies The management of Everyday Life
260 ## - PUBLICATION, DISTRIBUTION, ETC. (IMPRINT)
Place of publication, distribution, etc England (U.K.)
Name of publisher, distributor, etc Palgrave Macmillian
Date of publication, distribution, etc 2009
300 ## - PHYSICAL DESCRIPTION
Extent 227
942 ## - ADDED ENTRY ELEMENTS (KOHA)
Koha item type Books
Holdings
Withdrawn status Lost status Damaged status Not for loan Collection code Permanent Location Current Location Shelving location Date acquired Full call number Barcode Date last seen Price effective from Koha item type
        Management MAJU MAJU   2019-07-22 658 6768 2019-07-22 2019-07-22 Management

Powered by Koha